000 01270cam a22002655a 4500
001 L138050
008 070514e2007 xxk f 100 0 eng d
035 _a(Sirsi) u138050
041 0 _aeng
100 1 _aSachs, Tillmann
245 0 0 _aEfficient assessment of value for money (VfM) for selecting effective public private partnership (PPP) solutions
_ba comparative study of VFM assessment for PPPs in Singapore and Germany
_h[electronic resource]
260 _c2005
490 0 _aCOBRA
_v2005
520 _aDiscusses similarities and differences between the recent adoption of PPP in Singapore and Germany. It asks whether the difference in efficiency is measurable, and whether the VfM assessment process is affected by the PPP solution selected.
590 _aKA
651 4 _aSINGAPORE
651 4 _aGERMANY
690 _aBUILT ENVIRONMENT-QUANTITY SURVEYING-CONSTRUCTION COST MANAGEMENT
700 1 _aElbing, Clemens
700 1 _aTiong, Robert L.K.
700 1 _aAlfen, Hans Wilhelm
711 2 _aConstruction and Building Research Conference
_n10th
_cUniversity of Queensland, Brisbane
_d4-5 July 2005
856 4 0 _uhttps://www.rics.org/site/scripts/download_info.aspx?downloadID=2567
_zView the item free of charge at www.rics.org...
942 _n0
999 _c106986
_d106986